000 00506 a2200157 4500
999 _c1269
_d1269
020 _a9780230758001 (hardback)
050 _aD843 SEB 2014
100 _aSebestyen, Victor,
_eauthor
245 _a1946 :
_bthe making of the modern world /
_cVictor Sebestyen
264 _aLondon :
_bMacmillan,
_c2014
300 _axxiii, 438 p.
500 _aIncludes bibliographical references (pages 381-395) and index
650 _aWorld politics
_x1945-1955
650 _aWorld War,
942 _2lcc
_cBK
_h843
_iSEB
_k2014